00771 a2200193 4500999001500000010001400015020002600029035001300055037001500068082001300083100001900096245009000115260004500205270006200250300002600312500009300338942003200431952011400463 c4967d4967 aENG-86595 a9780195690828c295.00 aEN-70128 bDBAD / PUB14a320.95451 aBaruah, Sanjib1 aDurable disorder :cby Sanjib Baruahbunderstanding the politics of northeast India / aNew DelhibOxford University Pressc2007 aYMCA Library Building, Jai Singh RoadbNew Delhie110 001 axix, 265pc21cm (pbk) aHB of the same book recd. on 2.6.2005 and includes bibliographical references and index adplcEN2ddch320.9545mBAR 001040718NFICaDBADbDBADeDBAD/PUBg295.00l0o320.9545 BARpEN-70128r2008-09-15 00:00:00t1v295.00yEN